000 00318nam a2200133 i 4500
001 bg
100 1 _aWALASEK, A.
245 0 _aĆwiczenia audytoryjne z konstrukcji betonowych /
_cA. Walasek.
260 _aKielce,
_c1985.
040 _cBPK
041 _apol
942 _cKS
008 s pl f |000 0 pol
999 _c2708
_d2708
856 _uhttp://koha.tu.koszalin.pl/cgi-bin/koha/opac-detail.pl?biblionumber=2708
_yKatalog online BPK